000 00859cam a22002413a 4500
001 32479
003 PGUSA
005 20140828083713.0
008 100522s2010||||xxu|||||s|||||000 | eng d
040 _aPGUSA
_beng
042 _adc
050 4 _aHQ
100 1 _aGeorge, Walter Lionel,
_d1882-1926
245 1 4 _aThe Intelligence of Woman
_h[electronic resource] /
_cWalter Lionel George
260 _bProject Gutenberg,
_c2010
505 0 _aThe intelligence of woman -- Feminist intentions -- Uniforms for women -- Woman and the paint pot -- The downfall of the home -- The break-up of the family -- Some notes on marriage.
506 _aPublic domain in the USA.
516 _aElectronic text
653 _aWomen -- Social and moral questions
830 0 _aProject Gutenberg
_v32479
856 4 0 _uhttp://www.gutenberg.org/ebooks/32479
942 _cEB
999 _c261734
_d261734